[Event "ICS rated blitz match"]
[Site "204.178.125.65"]
[Date "2000.02.20"]
[Round "?"]
[White "Valerian10"]
[Black "Hossa"]
[Result "0-1"]
[WhiteElo "2347"]
[BlackElo "2354"]
[PlyCount "109"]

1. g3 d5 2. Bg2 e5 3. d3 Nc6 4. Nf3 Nf6 5. O-O Be7 6. c4 dxc4 7. dxc4 O-O 8.
Nc3 Qxd1 9. Rxd1 Be6 10. Nd5 Rad8 11. Ng5 Bxd5 12. cxd5 Nd4 13. e3 Nc2 14. Rb1
h6 15. Nh3 g5 16. Kf1 Nb4 17. e4 Nxa2 18. Be3 Nb4 19. Ng1 Ng4 20. Bd2 Nxh2+ 21.
Ke2 h5 22. Rdc1 Rd7 23. Ra1 Ra8 24. Bh3 g4 25. Bg2 a5 26. Be3 h4 27. gxh4 Bxh4
28. Rc5 b6 29. Rc4 Rad8 30. Rac1 Na6 31. Rc6 Rd6 32. f3 Rxc6 33. Rxc6 Be7 34.
Rh6 gxf3+ 35. Nxf3 Ng4 36. Rc6 Nxe3 37. Kxe3 Bd6 38. Rc1 Nb4 39. Nh4 Bc5+ 40.
Ke2 c6 41. Nf5 cxd5 42. exd5 Nxd5 43. Be4 Nf4+ 44. Kf3 f6 45. Rh1 Rd2 46. Nh6+
Kf8 47. Ng4 Ke7 48. Rh7+ Ke6 49. Rh6 Be7 50. Ne3 Rxb2 51. Bf5+ Kf7 52. Rh7+ Ke8
53. Rh8+ Bf8 54. Bg6+ Nxg6 55. Rh6 0-1

[Event "ICS rated blitz match"]
[Site "204.178.125.65"]
[Date "2000.02.20"]
[Round "?"]
[White "buzdovan"]
[Black "Hossa"]
[Result "0-1"]
[WhiteElo "1989"]
[BlackElo "2370"]
[PlyCount "92"]

1. e4 d6 2. Bc4 Nf6 3. d3 c6 4. Nf3 d5 5. exd5 cxd5 6. Bb3 e6 7. O-O Bd6 8. Bg5
O-O 9. Nbd2 Nbd7 10. d4 Qc7 11. c3 Ne4 12. Bh4 Ndf6 13. Bxf6 Nxf6 14. Qe2 Ng4
15. h3 Nh2 16. Nxh2 Bxh2+ 17. Kh1 Bf4 18. Nf3 Rd8 19. Rfe1 b6 20. Qd3 a6 21.
Bc2 g6 22. Ne5 f6 23. Ng4 Rf8 24. Qf3 Bd7 25. g3 Bd6 26. h4 f5 27. Ne5 Bxe5 28.
Rxe5 f4 29. g4 Qd8 30. Rg5 Qf6 31. Re1 Rfc8 32. Ree5 Be8 33. h5 h6 34. Rxg6+
Bxg6 35. Bxg6 Rc6 36. Kg2 Rac8 37. Kh3 Rc4 38. Bc2 R8c7 39. Qe2 f3 40. Qe3 Re7
41. g5 hxg5 42. Rxg5+ Rg7 43. Rxg7+ Kxg7 44. a3 Rc8 45. Qe1 Qg5 46. Qg1 Qxg1
0-1

[Event "ICS rated blitz match"]
[Site "204.178.125.65"]
[Date "2000.02.20"]
[Round "?"]
[White "Hossa"]
[Black "buzdovan"]
[Result "1-0"]
[WhiteElo "2373"]
[BlackElo "1986"]
[PlyCount "115"]

1. e4 c6 2. d4 d5 3. exd5 cxd5 4. c4 Nf6 5. Nc3 e6 6. Nf3 Be7 7. Bg5 O-O 8.
cxd5 Nxd5 9. Bxe7 Qxe7 10. Bd3 Nc6 11. O-O Qf6 12. Rc1 Rd8 13. Ne4 Qe7 14. Bb5
Bd7 15. Nc5 Be8 16. Bxc6 Bxc6 17. Ne5 Rac8 18. Qg4 Nf6 19. Qf4 Bd5 20. a3 b6
21. Ncd3 Ba8 22. Nb4 Nd5 23. Nxd5 Bxd5 24. Rfe1 Qf6 25. Qxf6 gxf6 26. Ng4 Kg7
27. Ne3 Bb7 28. Rxc8 Bxc8 29. Rc1 Ba6 30. Rc7 Rxd4 31. Rxa7 Be2 32. Rc7 Rd2 33.
Rc2 Rxc2 34. Nxc2 f5 35. Nd4 Bd3 36. a4 Kf6 37. f4 Ke7 38. b4 Kd6 39. Kf2 Kd5
40. Nf3 f6 41. a5 bxa5 42. bxa5 Kc5 43. Ke3 Bf1 44. g3 Bc4 45. Nd4 Bd5 46. h3
h5 47. Kd3 Be4+ 48. Ke3 e5 49. Ne6+ Kb5 50. Ng7 Kxa5 51. Nxh5 exf4+ 52. Kxf4
Bg2 53. h4 Bh3 54. Nxf6 Kb5 55. h5 Kc6 56. h6 Kd6 57. h7 Ke6 58. h8=Q 1-0

[Event "ICS rated standard match"]
[Site "204.178.125.65"]
[Date "2000.02.20"]
[Round "?"]
[White "Hossa"]
[Black "scoomax"]
[Result "1-0"]
[WhiteElo "2249"]
[BlackElo "1914"]
[PlyCount "63"]

1. Nf3 Nf6 2. d4 g6 3. c4 d5 4. cxd5 Nxd5 5. e4 Nb6 6. Be2 Bg7 7. Nc3 O-O 8.
O-O Bg4 9. Be3 Bxf3 10. Bxf3 Nc6 11. d5 Ne5 12. Be2 Nec4 13. Qb3 Nxe3 14. fxe3
Nd7 15. Rf2 Ne5 16. Qxb7 Rb8 17. Qxa7 Rxb2 18. Nd1 Rb4 19. Rc1 Rxe4 20. Qxc7
Qxd5 21. Nc3 Qd2 22. Nxe4 Qxe3 23. Ng3 Bh6 24. Rc5 Qd4 25. Qxe5 Qb4 26. Qxe7
Qb1+ 27. Nf1 Qxa2 28. Bc4 Qa3 29. Bxf7+ Kh8 30. Bxg6 Bg7 31. Rxf8+ Bxf8 32.
Qxf8# 1-0

[Event "ICS rated blitz match"]
[Site "204.178.125.65"]
[Date "2000.02.20"]
[Round "?"]
[White "Hossa"]
[Black "nyul"]
[Result "1-0"]
[WhiteElo "2376"]
[BlackElo "2071"]
[PlyCount "94"]

1. c4 e5 2. g3 c5 3. Bg2 Nc6 4. Nc3 d6 5. Nf3 Nf6 6. d3 h6 7. O-O Be6 8. Bd2
Be7 9. Qb3 Qd7 10. Nd5 Bd8 11. Rac1 Rb8 12. Bc3 O-O 13. Nd2 Bh3 14. Rfe1 Re8
15. Ne4 Bxg2 16. Nexf6+ Bxf6 17. Kxg2 Bd8 18. Rcd1 Nd4 19. Bxd4 exd4 20. Qa3 b6
21. e3 dxe3 22. fxe3 Bg5 23. Kg1 Re6 24. Re2 Rbe8 25. Kf2 Re5 26. Rde1 Bd8 27.
Kg1 a5 28. Rf2 f6 29. Qb3 Qb7 30. Rf4 Kh8 31. Qb5 Qf7 32. Rff1 Qg6 33. e4 Rg5
34. Qd7 Rxg3+ 35. hxg3 Qxg3+ 36. Kh1 Qh4+ 37. Kg2 Re5 38. Qxd8+ Kh7 39. Rf2
Qg4+ 40. Kf1 Rh5 41. Nxf6+ gxf6 42. Qe7+ Kg8 43. Rg2 Rh1+ 44. Kf2 Qxg2+ 45.
Kxg2 Rxe1 46. Qxf6 Re2+ 47. Kf3 Rxb2 1-0

[Event "ICS rated blitz match"]
[Site "204.178.125.65"]
[Date "2000.02.20"]
[Round "?"]
[White "nyul"]
[Black "Hossa"]
[Result "0-1"]
[WhiteElo "2066"]
[BlackElo "2381"]
[PlyCount "72"]

1. e4 e6 2. d4 d5 3. e5 c5 4. c3 Nc6 5. Nf3 Qb6 6. Be2 cxd4 7. cxd4 Nge7 8. O-O
Nf5 9. Nc3 Nfxd4 10. Nxd4 Qxd4 11. Nb5 Qxe5 12. g3 g5 13. Re1 Bb4 14. Bd2 O-O
15. Bd3 Qg7 16. Bxb4 Nxb4 17. Nc7 Rb8 18. a3 Nc6 19. Qh5 Bd7 20. Nb5 f6 21. Nc3
Ne5 22. Be2 d4 23. Ne4 d3 24. Bd1 Rbc8 25. f4 gxf4 26. Kh1 fxg3 27. Rg1 Bc6 28.
Bf3 Be8 29. Qh3 Nxf3 30. Rxg3 Ng5 31. Nxg5 fxg5 32. Rag1 Bc6+ 33. R3g2 Qd7 34.
Qh6 Bxg2+ 35. Rxg2 Rc1+ 36. Rg1 Qd5# 0-1

[Event "ICS rated standard match"]
[Site "204.178.125.65"]
[Date "2000.02.20"]
[Round "?"]
[White "fridus"]
[Black "Hossa"]
[Result "1/2-1/2"]
[WhiteElo "1930"]
[BlackElo "2253"]
[PlyCount "120"]

1. e3 d5 2. d4 Nf6 3. Nf3 e6 4. Bd3 c5 5. c3 Bd6 6. O-O O-O 7. Re1 Nc6 8. Nbd2
e5 9. dxe5 Nxe5 10. Nxe5 Bxe5 11. Nf3 Bc7 12. Qc2 Qd6 13. h3 Re8 14. b3 Bd7 15.
Bb2 Rad8 16. c4 dxc4 17. Bxc4 Ne4 18. Rad1 Qg6 19. Rxd7 Rxd7 20. Bb5 Red8 21.
Bxd7 Rxd7 22. Be5 Bb6 23. b4 Nd2 24. Qxg6 Nxf3+ 25. gxf3 hxg6 26. bxc5 Bxc5 27.
Rc1 b6 28. Rc2 Rd1+ 29. Kg2 a6 30. f4 f6 31. Bc3 Kf7 32. Kf3 Ke6 33. Ke4 Rh1
34. Bd4 Kd6 35. Bxc5+ bxc5 36. f5 gxf5+ 37. Kxf5 Kc6 38. Kg6 Rxh3 39. Kxg7 Rf3
40. Kf7 Kd5 41. Ke7 c4 42. Kd7 Kc5 43. Ke6 a5 44. Kd7 Rh3 45. Ke6 Rh6 46. f4 a4
47. f5 a3 48. Kf7 Rh1 49. Kxf6 Re1 50. Kf7 Rxe3 51. f6 Rf3 52. Rg2 Kd6 53. Kg7
Ke6 54. Re2+ Kd7 55. f7 Rg3+ 56. Kf8 c3 57. Re7+ Kd8 58. Re8+ Kd7 59. Re7+ Kd8
60. Re8+ Kd7 1/2-1/2

[Event "ICS rated blitz match"]
[Site "204.178.125.65"]
[Date "2000.02.20"]
[Round "?"]
[White "Hossa"]
[Black "Amateur"]
[Result "0-1"]
[WhiteElo "2385"]
[BlackElo "2366"]
[PlyCount "130"]

1. Nf3 Nf6 2. d4 g6 3. c4 Bg7 4. Nc3 O-O 5. e4 d6 6. Bg5 h6 7. Bh4 Bg4 8. Qb3
b6 9. Be2 Nc6 10. O-O-O Nh5 11. Ng1 Na5 12. Qc2 Bxe2 13. Ncxe2 Qd7 14. f3 Qc6
15. g4 Nf6 16. b3 e5 17. Bxf6 Bxf6 18. dxe5 Bxe5 19. f4 Bg7 20. Rd5 Qd7 21. h3
Nc6 22. Qd2 Qe6 23. Nf3 Qxe4 24. Ng3 Qe7 25. g5 Rfe8 26. Re1 Qd7 27. gxh6 Rxe1+
28. Nxe1 Bxh6 29. Nd3 Qxh3 30. Qf2 Re8 31. Kc2 Bg7 32. Ne2 Qh1 33. Nec1 b5 34.
Kb1 bxc4 35. bxc4 a6 36. a3 Qe4 37. Qc2 Nd4 38. Rxd4 Bxd4 39. Ka2 Rb8 40. Qe2
Be3 41. Nb4 a5 42. Qd3 Qg2+ 43. Ne2 Bxf4 44. Nc6 Re8 45. Ncd4 c5 46. Qc2 cxd4
47. Nxd4 Qxc2+ 48. Nxc2 Re2 49. Kb2 g5 50. Kc3 g4 51. Nd4 Re3+ 52. Kd2 Re4+ 53.
Kd3 Rxd4+ 54. Kxd4 g3 55. Ke4 g2 56. Kxf4 g1=Q 57. Ke4 Qc5 58. Kf4 f5 59. Kg5
Qxc4 60. Kf6 f4 61. Kf5 f3 62. Kg5 f2 63. a4 f1=Q 64. Kh5 Qf5+ 65. Kh6 Qc1# 0-1

[Event "ICS rated blitz match"]
[Site "204.178.125.65"]
[Date "2000.02.20"]
[Round "?"]
[White "Wisnia"]
[Black "Hossa"]
[Result "1/2-1/2"]
[WhiteElo "2275"]
[BlackElo "2368"]
[PlyCount "56"]

1. e4 e5 2. Nf3 Nc6 3. Bc4 Nf6 4. d3 Be7 5. O-O O-O 6. c3 d6 7. h3 Be6 8. Bb3
d5 9. Nbd2 dxe4 10. dxe4 Qd6 11. Qe2 Bxb3 12. Nxb3 Rad8 13. Bg5 Qe6 14. Rad1 a5
15. Bxf6 Qxf6 16. Nbd2 b6 17. Nc4 Qe6 18. b3 Rfe8 19. Ne3 Bc5 20. Nd5 Qc8 21.
Rd3 f5 22. Rfd1 Qb7 23. Nh4 fxe4 24. Qxe4 Rf8 25. Nf5 Qc8 26. Nfe3 Qb7 27. Nf5
Qc8 28. Nfe3 Qb7 1/2-1/2

[Event "ICS rated blitz match"]
[Site "204.178.125.65"]
[Date "2000.02.20"]
[Round "?"]
[White "Hossa"]
[Black "Wisnia"]
[Result "1-0"]
[WhiteElo "2365"]
[BlackElo "2281"]
[PlyCount "51"]

1. Nf3 Nf6 2. c4 c5 3. e3 e6 4. d4 cxd4 5. exd4 d5 6. cxd5 Nxd5 7. Bd3 Be7 8.
O-O h6 9. Nc3 O-O 10. Be3 Nc6 11. Qb1 b6 12. Nxd5 exd5 13. Re1 Bf6 14. Rc1 Bb7
15. Rd1 Nb4 16. Bh7+ Kh8 17. Bf5 Bc8 18. Rc1 Bxf5 19. Qxf5 Rc8 20. Bxh6 gxh6
21. Rxc8 Qxc8 22. Qxf6+ Kh7 23. Qd6 Nxa2 24. Qa3 Nc1 25. Qe3 Rg8 26. Rxc1 1-0

[Event "ICS rated blitz match"]
[Site "204.178.125.65"]
[Date "2000.02.21"]
[Round "?"]
[White "Amateur"]
[Black "Hossa"]
[Result "1-0"]
[WhiteElo "2363"]
[BlackElo "2374"]
[PlyCount "135"]

1. e4 d6 2. d4 Nf6 3. Nc3 g6 4. Nf3 Bg7 5. Be2 O-O 6. O-O Bg4 7. h3 Bxf3 8.
Bxf3 Nc6 9. Bg5 Nd7 10. Ne2 h6 11. Bh4 a5 12. Qd2 a4 13. Rad1 a3 14. b3 Qc8 15.
Bg3 e5 16. d5 Ne7 17. Qb4 f5 18. c3 Nc5 19. exf5 Nxf5 20. Bh2 Qe8 21. Ng3 Nxg3
22. Bxg3 Qf7 23. Bg4 e4 24. Qc4 Qe8 25. Rfe1 b5 26. Qb4 Be5 27. Bxe5 Qxe5 28.
Qxb5 Qxc3 29. Re2 Qf6 30. Qc6 Nd3 31. Be6+ Kh8 32. Rf1 Nf4 33. Re3 Rae8 34.
Qxc7 Qg5 35. Qc3+ Kh7 36. g3 Nxe6 37. dxe6 Rxe6 38. b4 Qf5 39. g4 Qf4 40. Qxa3
d5 41. Qa7+ Kg8 42. Qc5 Rd6 43. a4 Rdd8 44. Qb6 Rd6 45. Qd4 h5 46. Rg3 hxg4 47.
Rxg4 Qf5 48. Rc1 Qh5 49. Rc7 Rdf6 50. b5 Qf5 51. Rc5 Rd8 52. a5 Rd7 53. Rxe4
Rd8 54. Re7 Qb1+ 55. Kg2 Qf5 56. Rcc7 Qf3+ 57. Kg1 Qf4 58. Rg7+ Kh8 59. Rh7+
Kg8 60. Rcg7+ Kf8 61. Qc5+ Rfd6 62. Qc7 Qg5+ 63. Kf1 R6d7 64. Rxd7 Qc1+ 65.
Qxc1 Kg8 66. Rxd8+ Kxh7 67. Rd7+ Kh8 68. Qc8# 1-0

[Event "ICS rated blitz match"]
[Site "204.178.125.65"]
[Date "2000.02.21"]
[Round "?"]
[White "bibo"]
[Black "Hossa"]
[Result "0-1"]
[WhiteElo "2180"]
[BlackElo "2357"]
[PlyCount "54"]

1. e4 e6 2. d3 Nc6 3. Nf3 Be7 4. c3 e5 5. g3 Nf6 6. Bg2 O-O 7. O-O d5 8. exd5
Nxd5 9. h3 Bf5 10. Re1 Qd6 11. d4 e4 12. Ng5 Bxg5 13. Bxg5 Qg6 14. Be3 Nxe3 15.
Rxe3 Rae8 16. Nd2 Qh6 17. g4 Bg6 18. Nxe4 Qh4 19. Qe2 Re7 20. Ng3 Rfe8 21. Nf5
Bxf5 22. gxf5 Rxe3 23. fxe3 Qg5 24. e4 Qxf5 25. Rf1 Qg5 26. Rf5 Qxf5 27. exf5
Rxe2 0-1

[Event "ICS rated blitz match"]
[Site "204.178.125.65"]
[Date "2000.02.21"]
[Round "?"]
[White "Hossa"]
[Black "bibo"]
[Result "1-0"]
[WhiteElo "2365"]
[BlackElo "2172"]
[PlyCount "93"]

1. d4 g6 2. e4 d6 3. Bd3 Nc6 4. d5 Ne5 5. Be2 Bg7 6. f4 Nd7 7. Nf3 c6 8. c4
cxd5 9. cxd5 Ngf6 10. Nc3 O-O 11. Be3 Ng4 12. Bd4 Bxd4 13. Qxd4 Qb6 14. Qxb6
Nxb6 15. Nd4 Ne3 16. Kf2 Nec4 17. Bxc4 Nxc4 18. b3 Nb6 19. Rac1 Bd7 20. a4 Rac8
21. a5 Na8 22. Ncb5 Bxb5 23. Nxb5 a6 24. Nd4 Rc5 25. Rxc5 dxc5 26. Nf3 f5 27.
Ke3 fxe4 28. Kxe4 Nc7 29. Rc1 e6 30. d6 Nd5 31. g3 Rd8 32. Ke5 Nb4 33. Kxe6 Nd3
34. Rc3 Nf2 35. Rc2 Ne4 36. d7 Kf8 37. Ke5 Rxd7 38. Kxe4 Re7+ 39. Ne5 Rc7 40.
Rxc5 Rxc5 41. Nd7+ Ke7 42. Nxc5 Kd6 43. Nxb7+ Kc6 44. Nd8+ Kb5 45. Kd5 Kxa5 46.
Kc5 h5 47. Nc6# 1-0

[Event "ICS rated standard match"]
[Site "204.178.125.65"]
[Date "2000.02.21"]
[Round "?"]
[White "JaimeK"]
[Black "Hossa"]
[Result "0-1"]
[WhiteElo "1855"]
[BlackElo "2241"]
[PlyCount "88"]

1. d4 e6 2. c4 Nf6 3. Nc3 Bb4 4. e3 d5 5. Nge2 dxc4 6. a3 Ba5 7. Qa4+ Nc6 8.
Qxc4 O-O 9. b4 Bb6 10. Na4 e5 11. Nxb6 axb6 12. Bb2 Re8 13. Rc1 Be6 14. Qc2
exd4 15. Nxd4 Nxd4 16. Bxd4 Nd5 17. Bd3 g6 18. O-O Rxa3 19. Be4 c6 20. Bxd5
Bxd5 21. Ra1 Be4 22. Qb2 Rxa1 23. Qxa1 Qg5 24. f3 Bd3 25. Re1 c5 26. bxc5 bxc5
27. Bf6 Qh5 28. Qa4 b5 29. Qf4 Qf5 30. Qd6 c4 31. e4 Qe6 32. Qd4 Rb8 33. Kh1
Qb6 34. Qb2 b4 35. Qe5 Rf8 36. Bg5 Qe6 37. Qd4 f6 38. Bh6 Ra8 39. Qd5 Qxd5 40.
exd5 b3 41. Bc1 c3 42. d6 b2 43. d7 b1=Q 44. Re8+ Kf7 0-1

[Event "ICS rated standard match"]
[Site "204.178.125.65"]
[Date "2000.02.21"]
[Round "?"]
[White "Hossa"]
[Black "Dan-ger"]
[Result "0-1"]
[WhiteElo "2244"]
[BlackElo "2213"]
[PlyCount "162"]

1. Nf3 d5 2. d4 e6 3. e3 c5 4. c4 cxd4 5. exd4 Nf6 6. cxd5 Nxd5 7. Bd3 Nc6 8.
O-O Be7 9. Nc3 Ncb4 10. Bb5+ Bd7 11. Bxd7+ Qxd7 12. Ne5 Qd6 13. Qg4 O-O 14. Bh6
Bf6 15. Ne4 Qe7 16. Nxf6+ Qxf6 17. Bg5 Qf5 18. Qxf5 exf5 19. Nf3 Rac8 20. a3
Nc2 21. Rac1 f6 22. Bd2 g5 23. Rfd1 Rfe8 24. Kf1 g4 25. Nh4 f4 26. Nf5 Rc6 27.
a4 h5 28. h3 Kh7 29. hxg4 hxg4 30. Nd6 Rxd6 31. Rxc2 Kg6 32. b4 Re4 33. Be1 g3
34. Re2 f5 35. Rb1 gxf2 36. Kxf2 Rxd4 37. Re8 Kf7 38. Rb8 Rd7 39. Ra8 a6 40.
Rh8 Kg7 41. Rb8 Kf6 42. a5 Rc7 43. Rb2 Ne3 44. Kf3 Nc2 45. Bf2 Re4 46. Rf8+ Kg6
47. Rb3 Nxb4 48. Rg8+ Kf7 49. Rg5 Kf6 50. Rg8 Nc6 51. Rf8+ Kg5 52. Rg8+ Kh6 53.
g3 Ne5+ 54. Kg2 f3+ 55. Rxf3 Nxf3 56. Kxf3 Rc3+ 57. Kg2 Rd3 58. Rf8 Kg6 59.
Rg8+ Kf6 60. Rf8+ Ke6 61. Bb6 Re2+ 62. Kh3 Rc2 63. Re8+ Kf7 64. Rd8 Rxd8 65.
Bxd8 Rc6 66. Bb6 Rxb6 67. Kg2 Rb5 68. Kf3 Rxa5 69. g4 fxg4+ 70. Ke4 Rc5 71. Kd4
b6 72. Ke4 a5 73. Kd4 a4 74. Ke4 a3 75. Ke3 a2 76. Kd2 a1=Q 77. Ke3 Qc3+ 78.
Kf2 Qd4+ 79. Kg2 Rc3 80. Kf1 Qd2 81. Kg1 Rc1# 0-1

[Event "ICS rated blitz match"]
[Site "204.178.125.65"]
[Date "2000.02.21"]
[Round "?"]
[White "Entity"]
[Black "Hossa"]
[Result "0-1"]
[WhiteElo "2249"]
[BlackElo "2373"]
[PlyCount "42"]

1. c4 c6 2. e4 d5 3. exd5 cxd5 4. d4 Nf6 5. Nc3 g6 6. Nf3 Bg7 7. Bf4 O-O 8. c5
Nc6 9. Bb5 Bg4 10. Bxc6 bxc6 11. O-O Nh5 12. Bg3 Bxf3 13. Qxf3 Bxd4 14. Na4
Nxg3 15. hxg3 Rb8 16. Rab1 Qa5 17. Qa3 Bxb2 18. Rxb2 Rxb2 19. Qxb2 Qxa4 20. Qb7
e5 21. Rb1 Qxa2 0-1

[Event "ICS rated standard match"]
[Site "204.178.125.65"]
[Date "2000.02.21"]
[Round "?"]
[White "Dan-ger"]
[Black "Hossa"]
[Result "1/2-1/2"]
[WhiteElo "2230"]
[BlackElo "2227"]
[PlyCount "40"]

1. d4 Nf6 2. Nf3 e6 3. Bg5 c5 4. Nc3 cxd4 5. Nxd4 Bb4 6. Ndb5 d5 7. e4 a6 8. e5
axb5 9. exf6 Bxc3+ 10. bxc3 gxf6 11. Bh4 Ra5 12. Rb1 Rxa2 13. Bxb5+ Nc6 14. Qg4
Kf8 15. Qf4 Kg7 16. Qg3+ Kh6 17. Qf4+ Kg7 18. Qg3+ Kh6 19. Qf4+ Kg7 20. Qg3+
Kh6 1/2-1/2

[Event "ICS rated standard match"]
[Site "204.178.125.65"]
[Date "2000.02.21"]
[Round "?"]
[White "Hossa"]
[Black "Dan-ger"]
[Result "1-0"]
[WhiteElo "2227"]
[BlackElo "2230"]
[PlyCount "38"]

1. Nf3 d5 2. c4 dxc4 3. Na3 c3 4. bxc3 Nf6 5. d4 c5 6. e3 cxd4 7. Bb5+ Bd7 8.
exd4 Qa5 9. Qb3 Ne4 10. Bd2 Nc6 11. d5 Nc5 12. dxc6 Nxb3 13. cxd7+ Kd8 14. axb3
e6 15. O-O h6 16. b4 Qc7 17. Nc4 Qb8 18. Nfe5 Ke7 19. Bf4 Qd8 1-0

[Event "ICS rated standard match"]
[Site "204.178.125.65"]
[Date "2000.02.21"]
[Round "?"]
[White "Dan-ger"]
[Black "Hossa"]
[Result "1-0"]
[WhiteElo "2214"]
[BlackElo "2243"]
[PlyCount "133"]

1. d4 c6 2. e4 d5 3. exd5 cxd5 4. Nf3 Nf6 5. Bd3 e6 6. O-O Nc6 7. c3 Be7 8. Re1
O-O 9. Bg5 Ng4 10. Bxe7 Qxe7 11. Bc2 Rb8 12. Qd3 g6 13. Nbd2 Qc7 14. h3 Nf6 15.
Qe3 Nh5 16. Ne5 Qb6 17. Nd3 Ng7 18. Nb3 Nf5 19. Qf4 f6 20. Nbc5 e5 21. dxe5
fxe5 22. Nxe5 Qxb2 23. Nxc6 bxc6 24. Rab1 Qxc3 25. Qxb8 Qxc5 26. Qb2 Nd6 27.
Bd3 Nc4 28. Bxc4 dxc4 29. Re5 Qd6 30. Rbe1 Ba6 31. Re7 Rf7 32. Re8+ Rf8 33.
R1e7 Qd1+ 34. Kh2 Qd6+ 35. g3 c3 36. Qb3+ Qd5 37. Qxc3 Qf7 38. Rxf7 Kxf7 39.
Rxf8+ Kxf8 40. Qa3+ Kg8 41. Qxa6 h6 42. Qc8+ Kf7 43. Qxc6 a6 44. g4 a5 45. Kg3
g5 46. f4 a4 47. fxg5 hxg5 48. h4 Ke7 49. hxg5 Kd8 50. Kf4 Ke7 51. Ke5 Kf7 52.
Qe6+ Kg7 53. Kf5 a3 54. Qf6+ Kg8 55. Ke6 Kh7 56. Qh6+ Kg8 57. Qg6+ Kh8 58. Qe8+
Kg7 59. g6 Kh6 60. g5+ Kxg5 61. g7 Kf4 62. g8=Q Ke3 63. Qeg6 Kd2 64. Qe4 Kc3
65. Qd8 Kb2 66. Qd2+ Ka1 67. Qee1# 1-0

[Event "ICS rated standard match"]
[Site "204.178.125.65"]
[Date "2000.02.21"]
[Round "?"]
[White "Hossa"]
[Black "star"]
[Result "0-1"]
[WhiteElo "2226"]
[BlackElo "2517"]
[PlyCount "98"]

1. d4 d5 2. Nf3 c6 3. Bf4 Nf6 4. e3 e6 5. c4 Bd6 6. Bxd6 Qxd6 7. cxd5 exd5 8.
Be2 O-O 9. Nc3 Bg4 10. Qb3 Nbd7 11. O-O-O Ne4 12. Rdf1 Nxc3 13. bxc3 Bxf3 14.
gxf3 c5 15. Kb1 c4 16. Qb2 Rfc8 17. Rfg1 Rc6 18. Kc2 Rb6 19. Qa1 Ra6 20. Qb2
Re8 21. Rg3 Rb6 22. Qa1 Nf6 23. Rhg1 g6 24. h4 Nh5 25. Rg5 Nf4 26. Bf1 Qa3 27.
Re5 Rxe5 28. dxe5 Nd3 29. Bxd3 cxd3+ 30. Kxd3 Rb2 31. Rc1 Qa6+ 32. c4 Qa3+ 33.
Rc3 dxc4+ 34. Kd4 Rd2+ 35. Ke4 Qe7 36. Qh1 Qe6 37. Kf4 Qf5+ 38. Kg3 Qxe5+ 39.
f4 Qxc3 40. Qxb7 Rxa2 41. Qe7 Qb2 42. Kh3 Qxf2 43. Qe8+ Kg7 44. Qe5+ f6 45.
Qe7+ Kh6 46. Qf8+ Kh5 47. Qh6+ Kxh6 48. h5 Qf3+ 49. Kh4 Rh2# 0-1

[Event "ICS rated standard match"]
[Site "204.178.125.65"]
[Date "2000.02.21"]
[Round "?"]
[White "Hossa"]
[Black "Dan-ger"]
[Result "1-0"]
[WhiteElo "2221"]
[BlackElo "2231"]
[PlyCount "49"]

1. c4 Nf6 2. d4 d5 3. cxd5 Qxd5 4. Nc3 Qa5 5. e3 e6 6. Nf3 Bb4 7. Bd2 O-O 8.
Bc4 Nbd7 9. a3 Bxc3 10. Bxc3 Qb6 11. b3 Ne4 12. Bb4 c5 13. dxc5 Ndxc5 14. O-O
Rd8 15. Qc2 Nf6 16. Ng5 Ncd7 17. Rfd1 Nf8 18. Be7 Rxd1+ 19. Rxd1 N6d7 20. Bd3
g6 21. Qb2 h6 22. Ne4 f5 23. Nd6 Qa5 24. Bb5 a6 25. b4 1-0

[Event "ICS rated standard match"]
[Site "204.178.125.65"]
[Date "2000.02.21"]
[Round "?"]
[White "Dan-ger"]
[Black "Hossa"]
[Result "1-0"]
[WhiteElo "2215"]
[BlackElo "2237"]
[PlyCount "149"]

1. d4 d5 2. c4 e6 3. Nc3 c5 4. cxd5 exd5 5. dxc5 Nf6 6. b4 Be7 7. Bg5 h6 8.
Bxf6 Bxf6 9. Rc1 Be6 10. Nf3 Nc6 11. Qd2 O-O 12. a3 Re8 13. Nb5 Ne5 14. Nxe5
Bxe5 15. e3 a6 16. Nd4 Bxd4 17. Qxd4 a5 18. b5 a4 19. Bd3 Qg5 20. Rg1 Qe7 21.
Rc3 Qc7 22. h3 Qa5 23. Kd2 Qc7 24. Rd1 Qh2 25. Bf1 Qg1 26. Ke1 Qh2 27. Rcc1 Qh1
28. Rc2 Bf5 29. Rcd2 Be6 30. Rb2 Rec8 31. Rc2 Bd7 32. Qb4 Bf5 33. Rcd2 Be6 34.
Rd4 Qh2 35. Rc1 Rcb8 36. Qd2 Ra7 37. Qc2 Qe5 38. Qd1 Ra5 39. Qd2 Ra7 40. g3 Re8
41. Bg2 Re7 42. h4 Rd7 43. e4 Re7 44. f4 Qf6 45. e5 Qg6 46. Kf2 f6 47. Bxd5
fxe5 48. Re4 exf4 49. Qxf4 Ra8 50. Rxe6 Rxe6 51. c6 Rc8 52. cxb7 Rc2+ 53. Rxc2
Qxc2+ 54. Kg1 Qd1+ 55. Qf1 Qxd5 56. b8=Q+ Kh7 57. Qb1+ Qe4 58. Qxe4+ Rxe4 59.
Qc7 Re3 60. b6 Rxa3 61. Qc2+ Kg8 62. Kf2 Rb3 63. Qxb3+ axb3 64. b7 Kf7 65. b8=Q
b2 66. Qxb2 g6 67. Kf3 Ke6 68. Qb5 Ke7 69. Ke4 Kd6 70. Qb6+ Ke7 71. Ke5 Kf8 72.
Qb7 g5 73. Kf6 gxh4 74. Qe7+ Kg8 75. Qg7# 1-0

[Event "ICS rated blitz match"]
[Site "204.178.125.65"]
[Date "2000.02.21"]
[Round "?"]
[White "Hossa"]
[Black "kyrios"]
[Result "1-0"]
[WhiteElo "2384"]
[BlackElo "2034"]
[PlyCount "45"]

1. d4 c5 2. dxc5 e6 3. Nc3 Bxc5 4. Ne4 d5 5. Nxc5 Qa5+ 6. c3 Qxc5 7. e4 dxe4 8.
Qg4 Qe5 9. Bf4 Qf6 10. Bxb8 Rxb8 11. Bb5+ Bd7 12. Bxd7+ Kxd7 13. Qxe4 Ne7 14.
O-O-O+ Ke8 15. Qe3 Nc6 16. Nf3 Rd8 17. h3 Rxd1+ 18. Rxd1 Qh6 19. Ng5 Ke7 20.
Qf4 f5 21. Qc7+ Kf6 22. f4 Qh4 23. Qf7# 1-0

[Event "ICS rated blitz match"]
[Site "204.178.125.65"]
[Date "2000.02.21"]
[Round "?"]
[White "Hossa"]
[Black "Bannon"]
[Result "1-0"]
[WhiteElo "2389"]
[BlackElo "2030"]
[PlyCount "73"]

1. d4 c6 2. e4 Nf6 3. e5 Nd5 4. Nf3 d6 5. c4 Nc7 6. exd6 exd6 7. Bd3 g6 8. O-O
Bg7 9. Re1+ Kf8 10. Be3 Be6 11. Nbd2 Nd7 12. Qb3 b5 13. Qa3 Qe7 14. Bf4 b4 15.
Qxb4 c5 16. Qb7 Nb6 17. dxc5 dxc5 18. Qxc7 Qxc7 19. Bxc7 Bxb2 20. Rab1 Bc3 21.
Bd6+ Kg7 22. Bxc5 Rhd8 23. Re3 Rac8 24. Bxb6 axb6 25. Rxb6 Bxc4 26. Nxc4 Bd4
27. Nxd4 Rxd4 28. Rb4 Rcd8 29. Rb3 h5 30. a4 R8d7 31. a5 f5 32. Ne5 Rc7 33. Re1
Ra4 34. Rb6 Rxa5 35. Rxg6+ Kf8 36. Bc4 Rg7 37. Nd7+ 1-0

[Event "ICS rated blitz match"]
[Site "204.178.125.65"]
[Date "2000.02.21"]
[Round "?"]
[White "Hossa"]
[Black "Muskovit3"]
[Result "1-0"]
[WhiteElo "2396"]
[BlackElo "2113"]
[PlyCount "53"]

1. e4 e5 2. Nc3 Nf6 3. f4 d5 4. fxe5 Nxe4 5. Nf3 Be7 6. d4 O-O 7. Bd3 f5 8.
exf6 Bxf6 9. O-O Nc6 10. Nxe4 dxe4 11. Bxe4 Nxd4 12. Ng5 Bf5 13. c3 Bxg5 14.
Qxd4 Qxd4+ 15. cxd4 Bxe4 16. Bxg5 c6 17. Rxf8+ Rxf8 18. Re1 Bd5 19. Re7 h6 20.
Be3 Rf7 21. Re8+ Kh7 22. b3 g5 23. Bd2 Kg6 24. Rg8+ Kf6 25. Rh8 Kg7 26. Ra8 Kf6
27. Rxa7 1-0

[Event "ICS rated blitz match"]
[Site "204.178.125.65"]
[Date "2000.02.21"]
[Round "?"]
[White "Hossa"]
[Black "undertaker1"]
[Result "0-1"]
[WhiteElo "2401"]
[BlackElo "2577"]
[PlyCount "108"]

1. c4 Nf6 2. Nc3 g6 3. Nf3 Bg7 4. d4 O-O 5. e4 d6 6. Bg5 c5 7. dxc5 Qa5 8. Bd3
Qxc5 9. Qd2 Bg4 10. h3 Bxf3 11. gxf3 Nc6 12. Be2 Ne5 13. Nd5 Rae8 14. Rc1 Qc6
15. Qf4 Qa4 16. Nc3 Qd7 17. Qe3 Rc8 18. Nd5 Nxd5 19. cxd5 Rxc1+ 20. Qxc1 Rc8
21. Qd1 Nc4 22. Bxc4 Rxc4 23. Qb3 b5 24. h4 a5 25. h5 Rb4 26. Qd3 Rxb2 27. hxg6
fxg6 28. a3 e5 29. Bc1 Ra2 30. Qc3 a4 31. Bg5 Qf7 32. Qc8+ Bf8 33. Qc3 h5 34.
Rg1 Bg7 35. Rg3 Bf6 36. Bh6 Kh7 37. Be3 h4 38. Rg4 Kg8 39. Qc8+ Kg7 40. Qc3 h3
41. Rg3 Qd7 42. Rg1 Bd8 43. Rf1 h2 44. Rh1 Ba5 45. Bh6+ Kh7 46. Qxa5 Ra1+ 47.
Ke2 Rxh1 48. f4 Ra1 49. fxe5 h1=Q 50. Qxa4 Qf1+ 51. Kd2 Qxf2+ 52. Kc3 Qc8+ 53.
Kb4 Qc4+ 54. Ka5 Qxa4# 0-1